Statistics for Ukraine Euro 2020 Squad

Click here to take the quiz!

General Stats

  • This quiz has been taken 258 times
    (254 since last reset)
  • The average score is 9 of 27

Answer Stats

#PositionPlayer% Correct
17DFOleksandr Zinchenko
82%
7FWAndriy Yarmolenko
81%
12GK ©Andriy Pyatov
66%
9FWRoman Yaremchuk
65%
ManagerAndriy Shevchenko
55%
16DFVitaliy Mykolenko
45%
8MFRuslan Malinovskyi
44%
6MFTaras Stepanenko
44%
1GKHeorhiy Bushchan
38%
11MFMarlos
31%
26FWArtem Dovbyk
30%
10MFMykola Shaparenko
30%
13DFIllya Zabarnyi
28%
23GKAnatoliy Trubin
27%
5MFSerhiy Sydorchuk
24%
22DFMykola Matviyenko
23%
2DFEduard Sobol
20%
20FWOleksandr Zubkov
20%
21DFOleksandr Karavayev
19%
4DFSerhiy Kryvtsov
18%
15MFViktor Tsyhankov
17%
25DFDenys Popov
13%
3MFHeorhiy Sudakov
12%
24DFOleksandr Tymchyk
11%
18MFRoman Bezus
10%
14MFYevhenii Makarenko
10%
19FWArtem Besyedin
8%

Score Distribution

Percentile by Number Answered

Percent of People with Each Score

Your Score History

You have not taken this quiz since the last reset